Ballon D'or Winners since 1990 - Sudden Death - Statistics

General Stats
  • This quiz has been taken 88 times
  • The average score is 15 of 22
Answers on the Grid
Answers color-coded by a green-red scale on the quiz's grid according to % correct below.
Luka Modric
Eric Cantona
Lionel Messi
Deco
Matthias Sammer
Pavel Nedved
Cristiano Ronaldo
Xavi
Roberto Baggio
Andres Iniesta
Robert Lewandowski
Kaka
Raul
Fabio Cannavaro
Ronaldinho
Neymar
Karim Benzema
Frank Lampard
Eden Hazard
Andriy Shevchenko
Thierry Henry
Ronaldo Nazario
Roberto Carlos
Virgil Van Dijk
Jean-Pierre Papin
Vinicius Jr.
Michael Owen
Antony
Luis Figo
Lothar Matthaus
Rivaldo
David Beckham
Zinedine Zidane
Erling Haaland
George Weah
Rodri
Hristo Stoichkov
Paolo Maldini
Marco Van Basten
Robin Van Persie
 
Answer Stats
Answer % Correct
Luka Modric
100%
Lionel Messi
96%
Cristiano Ronaldo
89%
Kaka
79%
Karim Benzema
77%
Pavel Nedved
77%
Ronaldinho
71%
Fabio Cannavaro
70%
Andriy Shevchenko
68%
Ronaldo Nazario
68%
Zinedine Zidane
64%
Rodri
63%
Luis Figo
59%
Michael Owen
57%
Rivaldo
57%
George Weah
55%
Lothar Matthaus
54%
Marco Van Basten
54%
Matthias Sammer
54%
Roberto Baggio
54%
Hristo Stoichkov
46%
Jean-Pierre Papin
45%
No matching quizzes found
Score Distribution
Percent of People with Each Score
Percentile by Number Answered
Your Score History
You have not taken this quiz